Les permis de conduire en France - Statistiques

Statistiques générales
  • Ce quiz a été pris 16 fois
  • Le résultat moyen est 8 sur 15
Statistiques - réponses
Age minimum Type de véhicule Durée de validité Préalable Nom du permis % Correct
Plus de 20 ans Motocyclette max 125 cm3 A vie Permis A2 depuis plus de 2 ans A
82%
16 ans Motocyclette max 125 cm3 max 11 kw puissance / poids < 0.1 kw/kg A vie - A1
82%
18 ans Motocyclette max 125 cm3 max 35 kw puissance / poids < 0.2 kw/kg A vie - A2
82%
14 ans Cyclomoteur ou quadricycle léger à moteur. Voiture "sans permis" de moins de 50 cm3 A vie Attestation de sécurité routière OU autre permis AM
82%
17 ans Automobile Poids à vide < 3.5 tonnes Max 8 passagers + le chauffeur Remorque < 750 kg A vie Attestation scolaire de sécurité routière de second niveau + Réussite à l'examen du code B
73%
21 ans Utilitaire Poids à vide < 3.5 tonnes Max 8 passagers + le chauffeur Remorque < 750 kg De 1 à 5 ans Permis B C
55%
18 ans Utilitaire Poids à vide entre 3.5 et 7 tonnes Max 8 passagers + le chauffeur Remorque < 750 kg De 1 à 5 ans Permis B C1
55%
24 ans Transport de personnes Max 8 passagers + le chauffeur Remorque < 750 kg 5 ans Permis B D
55%
21 ans Utilitaire de transport de personnes Longueur < 8 mètres Max 16 passagers + le chauffeur Remorque < 750 kg 5 ans Permis B D1
55%
16 ans Automobile "sans permis" < 15 kw Poids à vide < 550 kg ou 400 kg selon l'usage A vie B1
45%
18 ans Automobile + remorque Poids à vide < 3.5 tonnes Max 8 passagers + le chauffeur Remorque < 3.5 tonnes A vie Permis B BE
27%
18 ans Camion avec remorque < 750 kg De 1 à 5 ans Permis C1 C1E
18%
21 ans Camion avec remorque < 750 kg 5 ans Permis C CE
18%
21 ans Transport de personnes Max 16 passagers + le chauffeur Remorque < 750 kg 5 ans Permis D1 D1E
18%
24 ans Transport de personnes Max 8 passagers + le chauffeur Remorque < 750 kg 5 ans Permis D DE
18%
Aucun quiz correspondant
Distribution des résultats
% des personnes avec chaque résultat
Percentile par nombre de réponses
Votre historique - résultats
Vous n’avez pas pris ce quiz